00773nam a22001457a 4500008004100000020001500041082001700056100002500073245007900098260003500177300002900212505029000241600003000531650006600561150612b xxu||||| |||| 00| 0 eng d a3822858412 a709.2bB397c aUlrike Becks-Malorny aPaul Cezanne, 1839-1906 : precursor de la modernidadcUlrike Becks-Malorny aKölnbBenedikt Taschenc1995 a95 p.bill. (col)c23 cm t"Como surge un pintor"tCezanne y el impresionismot"Armonia paralela a la naturleza"t"Quiero impresionar a Paris con una manzana"-naturalezas muertastEl pintor y su montaña-la montaña Sainte-VictoiretBañistas- el tema pictorico de los ultimos añostPaul Cezanne-Vida y Obra a Cezanne, Pauld1839-1906 xPintores-Francia-BiografiaxPost-impresionismo (arte)-Francia